The Custody of the holy land (Record no. 123752)
[ view plain ]
| 000 -LEADER | |
|---|---|
| fixed length control field | 00516nam a22001577a 4500 |
| 008 - FIXED-LENGTH DATA ELEMENTS--GENERAL INFORMATION | |
| fixed length control field | 151104b xxu||||| |||| 00| 0 eng d |
| 050 ## - LIBRARY OF CONGRESS CALL NUMBER | |
| Classification number | DS107.5C987 |
| 100 ## - MAIN ENTRY--PERSONAL NAME | |
| Personal name | Rossi, Bernardo (ed.) |
| 9 (RLIN) | 21030 |
| 245 ## - TITLE STATEMENT | |
| Title | The Custody of the holy land |
| 260 ## - PUBLICATION, DISTRIBUTION, ETC. (IMPRINT) | |
| Place of publication, distribution, etc | Jerusalem |
| Name of publisher, distributor, etc | Custody of the Holy Land Editions |
| Date of publication, distribution, etc | 1981 |
| 300 ## - PHYSICAL DESCRIPTION | |
| Extent | 157p. ; |
| Dimensions | 21cm. |
| 650 ## - SUBJECT ADDED ENTRY--TOPICAL TERM | |
| Topical term or geographic name as entry element | Franciscan |
| General subdivision | Palestine |
| 9 (RLIN) | 20976 |
| 650 ## - SUBJECT ADDED ENTRY--TOPICAL TERM | |
| Topical term or geographic name as entry element | Christian church |
| General subdivision | Palestine |
| 9 (RLIN) | 20977 |
| 650 ## - SUBJECT ADDED ENTRY--TOPICAL TERM | |
| Topical term or geographic name as entry element | Palestine |
| General subdivision | Description and travel |
| 9 (RLIN) | 20978 |
| 942 ## - ADDED ENTRY ELEMENTS (KOHA) | |
| Source of classification or shelving scheme | Library of Congress Classification |
| Item type | Monograph ( Printed materials) |
| Withdrawn status | Lost status | Source of classification or shelving scheme | Damaged status | Not for loan | Home library | Current library | Date acquired | Total Checkouts | Full call number | Barcode | Date last seen | Price effective from | Koha item type |
|---|---|---|---|---|---|---|---|---|---|---|---|---|---|
| Library of Congress Classification | ARRUPE LIBRARY | ARRUPE LIBRARY | 10/11/2015 | DS107.5C987 | 46500005624 | 22/11/2017 | 10/11/2015 | Monograph ( Printed materials) |